[Event "2. BUNDESLIGA MITTE 2017/2018"]
[Site "St. Valentin, Pinggau/Villach/Taufkirchen, Fuerstenfeld, St. Veit"]
[Date "2017.11.25"]
[Round "5"]
[Board "1"]
[White "Perunovic, Milos"]
[Black "Heinemann, Thies"]
[Result "1/2-1/2"]
[WhiteElo "2596"]
[BlackElo "2508"]
[PlyCount "145"]
[EventDate "2017.10.27"]
[EventType "team"]
[EventRounds "11"]
[EventCountry "AUT"]
[WhiteTeam "SPG Sparkasse Pinggau-Friedberg"]
[BlackTeam "RbEj Gleisdorf"]

1. e4 c5 2. Nf3 d6 3. d4 cxd4 4. Nxd4 Nf6 5. Nc3 a6 6. a4 e5 7. Nf3 Be7 8. Bc4
O-O 9. O-O Be6 10. Qe2 Qc7 11. Bb3 Rc8 12. Bg5 Nc6 13. Rfd1 Nb4 14. Bxf6 Bxf6
15. Ne1 Rab8 16. Qd2 Be7 17. Nd3 Nxd3 18. Qxd3 Bf8 19. Qf3 Qd8 20. Rd3 Qh4 21.
Nd5 Rc5 22. h3 Rbc8 23. Rad1 Re8 24. R1d2 h6 25. Ba2 Rec8 26. Qe2 Kh8 27. b4
R5c6 28. Bb3 a5 29. bxa5 Ra8 30. a6 bxa6 31. Rf3 Rb8 32. Kh2 a5 33. Rdd3 Rc5
34. Qe1 Kh7 35. Nc3 Bxb3 36. cxb3 Rxb3 37. Rxf7 Kg8 38. Rdf3 Rc8 39. Qd2 Rbxc3
40. Rxf8+ Rxf8 41. Qd5+ Kh7 42. Rxf8 Qe7 43. Qg8+ Kg6 44. Re8 Qd7 45. Qf8 Qf7
46. Qxd6+ Kh7 47. Qxe5 Rc4 48. f4 Rc2 49. Qb8 Qd7 50. Rh8+ Kg6 51. f5+ Kf6 52.
Qg3 Qc7 53. e5+ Kxf5 54. Rf8+ Ke6 55. Qg6+ Kxe5 56. Rf7 Qc6 57. Qxg7+ Ke4 58.
Re7+ Kd3 59. Qg3+ Kc4 60. Re3 Kb4 61. Qb8+ Kc5 62. Qe5+ Kb4 63. Re4+ Kb3 64.
Qb8+ Ka2 65. Qg8+ Kb2 66. Qg7+ Ka2 67. Re1 Kb3 68. Rb1+ Ka3 69. Qg3+ Qc3 70.
Qf4 Rxg2+ 71. Kxg2 Qc2+ 72. Kg3 Qxb1 73. Qxh6  1/2-1/2

[Event "2. BUNDESLIGA MITTE 2017/2018"]
[Site "St. Valentin, Pinggau/Villach/Taufkirchen, Fuerstenfeld, St. Veit"]
[Date "2017.11.25"]
[Round "5"]
[Board "2"]
[White "Polzin, Rainer"]
[Black "Ftacnik, Lubomir"]
[Result "0-1"]
[WhiteElo "2401"]
[BlackElo "2520"]
[PlyCount "76"]
[EventDate "2017.10.27"]
[EventType "team"]
[EventRounds "11"]
[EventCountry "AUT"]
[WhiteTeam "RbEj Gleisdorf"]
[BlackTeam "SPG Sparkasse Pinggau-Friedberg"]

1. e4 c5 2. Nf3 d6 3. d4 cxd4 4. Nxd4 Nf6 5. Nc3 a6 6. Be2 e6 7. O-O Be7 8. f4
Qc7 9. a4 Nc6 10. Be3 O-O 11. Kh1 Re8 12. Bf3 Rb8 13. g4 d5 14. e5 Nd7 15. g5
Nb6 16. Nce2 Nc4 17. Bc1 Bd7 18. Bg2 g6 19. b3 N4a5 20. Bb2 b5 21. axb5 axb5
22. Qd3 Nxd4 23. Nxd4 Nb7 24. Ra2 Nc5 25. Qc3 Rec8 26. Qe3 Ra8 27. Rxa8 Rxa8
28. f5 gxf5 29. Bxd5 exd5 30. e6 Nxe6 31. Nxf5 Bf8 32. Be5 Qc6 33. Qg3 d4+ 34.
Kg1 Nc5 35. Nxd4 Qg6 36. h4 Re8 37. Qf4 Ne6 38. Nxe6 Qxe6  0-1

[Event "2. BUNDESLIGA MITTE 2017/2018"]
[Site "St. Valentin, Pinggau/Villach/Taufkirchen, Fuerstenfeld, St. Veit"]
[Date "2017.11.25"]
[Round "5"]
[Board "3"]
[White "Milanovic, Danilo"]
[Black "Frosch, Erich"]
[Result "1-0"]
[WhiteElo "2488"]
[BlackElo "2202"]
[PlyCount "59"]
[EventDate "2017.10.27"]
[EventType "team"]
[EventRounds "11"]
[EventCountry "AUT"]
[WhiteTeam "SPG Sparkasse Pinggau-Friedberg"]
[BlackTeam "RbEj Gleisdorf"]

1. d4 Nf6 2. c4 e6 3. Nc3 d5 4. cxd5 exd5 5. Bg5 Be7 6. e3 O-O 7. Bd3 h6 8. Bh4
Nbd7 9. Nge2 c5 10. O-O c4 11. Bc2 Re8 12. f3 Nb6 13. Bf2 Bd7 14. Kh1 Bb4 15.
a3 Ba5 16. e4 dxe4 17. fxe4 Bg4 18. Qb1 Qd7 19. Bg1 Rad8 20. Ng3 h5 21. Nf5
Bxc3 22. bxc3 Be2 23. Nh6+ Kh8 24. Rxf6 gxf6 25. Qe1 Bd3 26. Bxd3 cxd3 27. Qh4
Nc4 28. Qxf6+ Kh7 29. Nf5 Qxf5 30. Qxf5+  1-0

[Event "2. BUNDESLIGA MITTE 2017/2018"]
[Site "St. Valentin, Pinggau/Villach/Taufkirchen, Fuerstenfeld, St. Veit"]
[Date "2017.11.25"]
[Round "5"]
[Board "4"]
[White "Wegerer, Fred"]
[Black "Mahdy, Khaled"]
[Result "0-1"]
[WhiteElo "2135"]
[BlackElo "2394"]
[PlyCount "52"]
[EventDate "2017.10.27"]
[EventType "team"]
[EventRounds "11"]
[EventCountry "AUT"]
[WhiteTeam "RbEj Gleisdorf"]
[BlackTeam "SPG Sparkasse Pinggau-Friedberg"]

1. Nf3 Nf6 2. g3 g6 3. Bg2 Bg7 4. O-O O-O 5. d3 c5 6. c4 Nc6 7. Nc3 d6 8. Bg5
h6 9. Bd2 Be6 10. a3 Qd7 11. Rb1 Rac8 12. Qc1 Kh7 13. e4 Bg4 14. Be3 Ng8 15.
Ne1 Nd4 16. f3 Bh3 17. Qd2 Bxg2 18. Nxg2 b5 19. cxb5 Nxb5 20. Ne2 d5 21. a4 Nd4
22. Bxd4 cxd4 23. Qa5 dxe4 24. fxe4 e5 25. Rf2 h5 26. Nh4 Bh6 {Klappenfall}  0-1

[Event "2. BUNDESLIGA MITTE 2017/2018"]
[Site "St. Valentin, Pinggau/Villach/Taufkirchen, Fuerstenfeld, St. Veit"]
[Date "2017.11.25"]
[Round "5"]
[Board "5"]
[White "Danner, Georg"]
[Black "Wanderer, Thomas"]
[Result "1-0"]
[WhiteElo "2316"]
[BlackElo "2213"]
[PlyCount "61"]
[EventDate "2017.10.27"]
[EventType "team"]
[EventRounds "11"]
[EventCountry "AUT"]
[WhiteTeam "SPG Sparkasse Pinggau-Friedberg"]
[BlackTeam "RbEj Gleisdorf"]

1. d4 Nf6 2. Nf3 e6 3. e3 b6 4. Bd3 Bb7 5. O-O Be7 6. c4 O-O 7. Nc3 d5 8. b3 c5
9. Bb2 Nbd7 10. cxd5 exd5 11. Rc1 Rc8 12. Bf5 a6 13. dxc5 bxc5 14. Na4 Bc6 15.
Bxf6 gxf6 16. Nd4 Ne5 17. Qh5 Ng6 18. Bxc8 Bxa4 19. Nf5 Re8 20. Nxe7+ Rxe7 21.
bxa4 Qxc8 22. Qxd5 Re5 23. Qd6 Kg7 24. Rc4 Rg5 25. f4 Rh5 26. Qd1 Kh6 27. Qe2
Qe6 28. e4 f5 29. e5 Rh4 30. Re1 Nxe5 31. Rxc5  1-0

[Event "2. BUNDESLIGA MITTE 2017/2018"]
[Site "St. Valentin, Pinggau/Villach/Taufkirchen, Fuerstenfeld, St. Veit"]
[Date "2017.11.25"]
[Round "5"]
[Board "6"]
[White "Ofner, Maximilian"]
[Black "Schieder, Andreas"]
[Result "1/2-1/2"]
[WhiteElo "2186"]
[BlackElo "2237"]
[PlyCount "120"]
[EventDate "2017.10.27"]
[EventType "team"]
[EventRounds "11"]
[EventCountry "AUT"]
[WhiteTeam "RbEj Gleisdorf"]
[BlackTeam "SPG Sparkasse Pinggau-Friedberg"]

1. e4 Nf6 2. e5 Nd5 3. d4 d6 4. c4 Nb6 5. exd6 exd6 6. Nc3 Nc6 7. Be3 Be7 8.
Bd3 O-O 9. Nge2 Nb4 10. b3 Nxd3+ 11. Qxd3 a5 12. O-O a4 13. d5 c5 14. dxc6 bxc6
15. Rfd1 Ra5 16. c5 dxc5 17. Qxd8 Bxd8 18. b4 Ra6 19. Bxc5 Re8 20. Nd4 Bf6 21.
Re1 Be6 22. Ne4 Nd7 23. Nxf6+ Nxf6 24. Nxe6 Rxe6 25. Rxe6 fxe6 26. Rd1 Nd5 27.
a3 Ra8 28. g3 Kf7 29. f4 Rd8 30. Kf2 Ke8 31. Re1 Kd7 32. Kf3 g6 33. h4 Re8 34.
Bd4 Nc7 35. h5 Nb5 36. Bb2 gxh5 37. Rh1 Kc8 38. Rxh5 Rd8 39. Ke2 Rd7 40. Rh6
Re7 41. Kf3 Nd6 42. Bf6 Rf7 43. Be5 Nc4 44. Ke4 Kd7 45. Rh1 Nxe5 46. fxe5 Kc7
47. Rh6 Re7 48. Kd4 Kb6 49. Kc4 Rg7 50. Rxe6 Rg4+ 51. Kc3 Rxg3+ 52. Kc4 Rg4+
53. Kc3 Kb5 54. Rh6 Rg3+ 55. Kb2 Rb3+ 56. Ka2 Re3 57. Rxh7 Re2+ 58. Kb1 Rxe5
59. Kc2 Re3 60. Rh5+ Kb6  1/2-1/2

[Event "2. BUNDESLIGA MITTE 2017/2018"]
[Site "St. Valentin, Pinggau/Villach/Taufkirchen, Fuerstenfeld, St. Veit"]
[Date "2017.11.25"]
[Round "5"]
[Board "1"]
[White "Schnider, Gert"]
[Black "Plat, Vojtech"]
[Result "1/2-1/2"]
[WhiteElo "2412"]
[BlackElo "2566"]
[PlyCount "78"]
[EventDate "2017.10.27"]
[EventType "team"]
[EventRounds "11"]
[EventCountry "AUT"]
[WhiteTeam "Schachfreunde Graz"]
[BlackTeam "Leoben"]

1. e4 c5 2. Nf3 Nc6 3. d4 cxd4 4. Nxd4 e6 5. Nc3 d6 6. Be3 Nf6 7. Qd2 Be7 8. f3
O-O 9. O-O-O d5 10. exd5 Nxd5 11. Nxd5 Qxd5 12. Nxc6 Qxc6 13. Bd3 Rd8 14. Rhe1
e5 15. Qa5 Be6 16. Bb5 Qc8 17. Kb1 Bf5 18. Rxd8+ Bxd8 19. Qd2 Qc7 20. Bd3 Be6
21. Rd1 Be7 22. Be4 Rc8 23. Bg5 Bf8 24. g4 h6 25. Bh4 Qb6 26. b3 g6 27. Bf2 Qb5
28. Qd3 Qxd3 29. Rxd3 b6 30. Kb2 f5 31. Bd5 Kf7 32. c4 Bxd5 33. Rxd5 Ke6 34.
Kc3 Bd6 35. Kd2 h5 36. gxf5+ gxf5 37. Ke2 Bc7 38. Kf1 Rf8 39. Ke2 Rg8  1/2-1/2

[Event "2. BUNDESLIGA MITTE 2017/2018"]
[Site "St. Valentin, Pinggau/Villach/Taufkirchen, Fuerstenfeld, St. Veit"]
[Date "2017.11.25"]
[Round "5"]
[Board "2"]
[White "Baumegger, Siegfried"]
[Black "Kravanja, Georg"]
[Result "1/2-1/2"]
[WhiteElo "2443"]
[BlackElo "2267"]
[PlyCount "96"]
[EventDate "2017.10.27"]
[EventType "team"]
[EventRounds "11"]
[EventCountry "AUT"]
[WhiteTeam "Leoben"]
[BlackTeam "Schachfreunde Graz"]

1. e4 c6 2. d4 d5 3. Nc3 dxe4 4. Nxe4 Bf5 5. Ng3 Bg6 6. h4 h6 7. Nf3 Nd7 8. h5
Bh7 9. Bd3 Bxd3 10. Qxd3 e6 11. Bd2 Ngf6 12. O-O-O Be7 13. Ne4 Nxe4 14. Qxe4
Nf6 15. Qd3 O-O 16. Kb1 Qd5 17. c4 Qe4 18. Be3 Rfd8 19. Ne5 c5 20. f3 Qxd3+ 21.
Rxd3 cxd4 22. Rxd4 Rxd4 23. Bxd4 Bd6 24. g4 Rd8 25. Kc2 Kf8 26. Re1 a6 27. Bc3
Rc8 28. Kd3 Rd8 29. Ke2 Rc8 30. Rc1 Rc5 31. f4 Rc8 32. Kf3 Ke8 33. b3 Bxe5 34.
fxe5 Nh7 35. Bd4 f6 36. c5 Ng5+ 37. Ke3 Ke7 38. b4 f5 39. a4 fxg4 40. b5 axb5
41. axb5 Kd7 42. Ra1 Kc7 43. c6 Nf3 44. Ra7 Rb8 45. Bc5 Nxe5 46. Bd4 Nf7 47.
Bc3 Kb6 48. Bd4+ Kc7  1/2-1/2

[Event "2. BUNDESLIGA MITTE 2017/2018"]
[Site "St. Valentin, Pinggau/Villach/Taufkirchen, Fuerstenfeld, St. Veit"]
[Date "2017.11.25"]
[Round "5"]
[Board "3"]
[White "Teuschler, Barbara"]
[Black "Horvath, Peter"]
[Result "0-1"]
[WhiteElo "2202"]
[BlackElo "2421"]
[PlyCount "78"]
[EventDate "2017.10.27"]
[EventType "team"]
[EventRounds "11"]
[EventCountry "AUT"]
[WhiteTeam "Schachfreunde Graz"]
[BlackTeam "Leoben"]

1. e4 c5 2. Nf3 a6 3. c4 Nc6 4. d4 cxd4 5. Nxd4 e5 6. Nf5 d5 7. cxd5 Bxf5 8.
exf5 Nd4 9. Bd3 Qxd5 10. Nc3 Bb4 11. O-O Bxc3 12. bxc3 Nc6 13. Qe2 Nf6 14. Rb1
O-O 15. Rxb7 e4 16. Bxa6 Qxf5 17. Rb3 Ne5 18. Bb7 Ra4 19. Be3 Neg4 20. h3 Nxe3
21. fxe3 Qc5 22. Rd1 Rc4 23. Qe1 Qa5 24. Qd2 Ra4 25. Rb2 h6 26. Qc2 Ra3 27. c4
Rxe3 28. c5 Rc3 29. Qb1 Qxc5+ 30. Kh1 Qe5 31. Rb5 Qe7 32. Re1 Re8 33. a4 Qa3
34. a5 e3 35. a6 e2 36. Bf3 Rxf3 37. gxf3 Qxf3+ 38. Kh2 Qf2+ 39. Kh1 Ne4  0-1

[Event "2. BUNDESLIGA MITTE 2017/2018"]
[Site "St. Valentin, Pinggau/Villach/Taufkirchen, Fuerstenfeld, St. Veit"]
[Date "2017.11.25"]
[Round "5"]
[Board "4"]
[White "Bachler, Reinhard"]
[Black "Domarkaite, Laima"]
[Result "1/2-1/2"]
[WhiteElo "2179"]
[BlackElo "2129"]
[PlyCount "93"]
[EventDate "2017.10.27"]
[EventType "team"]
[EventRounds "11"]
[EventCountry "AUT"]
[WhiteTeam "Leoben"]
[BlackTeam "Schachfreunde Graz"]

1. g3 d5 2. Bg2 g6 3. d3 Bg7 4. Nd2 Nc6 5. Ngf3 e5 6. e4 dxe4 7. dxe4 Nge7 8.
O-O h6 9. b3 Bg4 10. h3 Be6 11. Bb2 g5 12. Nc4 O-O 13. Qe2 Re8 14. Rfd1 Qc8 15.
Qf1 Ng6 16. Ne3 Nce7 17. g4 f6 18. Nf5 Bf8 19. Bc1 Bf7 20. Be3 Nxf5 21. exf5
Nf4 22. Bxf4 exf4 23. Rd3 a5 24. Nd2 Re5 25. Ne4 Kg7 26. Rad1 Qe8 27. f3 Be7
28. Rc3 Rc8 29. a4 c6 30. Qf2 Rd8 31. Rxd8 Qxd8 32. Rd3 Rd5 33. Bf1 Rxd3 34.
Bxd3 Bxb3 35. Qa7 Bd5 36. Qxb7 c5 37. Qb5 Bxe4 38. fxe4 Kf8 39. Kf1 Qc7 40. Qa6
f3 41. Qa8+ Qd8 42. Qxd8+ Bxd8 43. e5 fxe5 44. Kf2 e4 45. Bxe4 Ke7 46. Kxf3 Kd6
47. Ke3  1/2-1/2

[Event "2. BUNDESLIGA MITTE 2017/2018"]
[Site "St. Valentin, Pinggau/Villach/Taufkirchen, Fuerstenfeld, St. Veit"]
[Date "2017.11.25"]
[Round "5"]
[Board "5"]
[White "Kastner, Walter"]
[Black "Schein, Karl-Heinz"]
[Result "1/2-1/2"]
[WhiteElo "2191"]
[BlackElo "2177"]
[PlyCount "53"]
[EventDate "2017.10.27"]
[EventType "team"]
[EventRounds "11"]
[EventCountry "AUT"]
[WhiteTeam "Schachfreunde Graz"]
[BlackTeam "Leoben"]

1. d4 d5 2. Bf4 Nf6 3. e3 g6 4. Nf3 Bg7 5. h3 O-O 6. Be2 c5 7. c3 Nc6 8. Nbd2
Nd7 9. O-O e5 10. dxe5 Ndxe5 11. Nxe5 Nxe5 12. Nf3 Nxf3+ 13. Bxf3 Be6 14. Qc2
Qb6 15. Rfd1 d4 16. cxd4 cxd4 17. Qe4 dxe3 18. Bxe3 Qxb2 19. Rab1 Bf5 20. Rxb2
Bxe4 21. Rb4 Bxf3 22. gxf3 b6 23. Rd7 Rfd8 24. Rb7 Rdb8 25. Rd7 Rd8 26. Rb7
Rdb8 27. Rd7  1/2-1/2

[Event "2. BUNDESLIGA MITTE 2017/2018"]
[Site "St. Valentin, Pinggau/Villach/Taufkirchen, Fuerstenfeld, St. Veit"]
[Date "2017.11.25"]
[Round "5"]
[Board "6"]
[White "Koelber, Daniel"]
[Black "Birk, Steffen"]
[Result "0-1"]
[WhiteElo "2049"]
[BlackElo "2212"]
[PlyCount "98"]
[EventDate "2017.10.27"]
[EventType "team"]
[EventRounds "11"]
[EventCountry "AUT"]
[WhiteTeam "Leoben"]
[BlackTeam "Schachfreunde Graz"]

1. e4 Nf6 2. e5 Nd5 3. d4 d6 4. c4 Nb6 5. exd6 cxd6 6. Nc3 g6 7. h4 h6 8. Bd3
Bg7 9. Be3 Nc6 10. Nge2 O-O 11. f3 Nb4 12. g4 d5 13. b3 e5 14. Kf1 dxc4 15.
Bxc4 Nxc4 16. bxc4 exd4 17. Bxd4 Bxd4 18. Nxd4 Be6 19. Nxe6 fxe6 20. Qxd8 Raxd8
21. Ke2 Nc2 22. Rac1 Nd4+ 23. Ke3 Nxf3 24. Ne4 Ne5 25. g5 Ng4+ 26. Ke2 Rd4 27.
Nf6+ Nxf6 28. gxf6 Rxf6 29. c5 Ra4 30. Rc2 e5 31. h5 Rg4 32. hxg6 Rfxg6 33. Ke3
Rf4 34. Rch2 Kg7 35. Rh5 Rg3+ 36. Ke2 Ra4 37. Kf2 Rc3 38. Rxe5 Rxa2+ 39. Re2
Rxe2+ 40. Kxe2 Rxc5 41. Rd1 Re5+ 42. Kf3 Kf7 43. Kf4 Ke6 44. Rh1 h5 45. Rg1 Kd6
46. Rg8 Re7 47. Rd8+ Kc5 48. Rh8 b5 49. Rxh5+ Kc4  0-1

[Event "2. BUNDESLIGA MITTE 2017/2018"]
[Site "St. Valentin, Pinggau/Villach/Taufkirchen, Fuerstenfeld, St. Veit"]
[Date "2017.11.26"]
[Round "6"]
[Board "1"]
[White "Riemelmoser, Franz"]
[Black "Buhmann, Rainer"]
[Result "0-1"]
[WhiteElo "2346"]
[BlackElo "2589"]
[PlyCount "64"]
[EventDate "2017.10.27"]
[EventType "team"]
[EventRounds "11"]
[EventCountry "AUT"]
[WhiteTeam "ESV ASKOE Admira Villach"]
[BlackTeam "SC MPOE Maria Saal 2"]

1. c4 e6 2. g3 d5 3. Bg2 Nf6 4. Nf3 Be7 5. O-O O-O 6. b3 d4 7. e3 c5 8. exd4
cxd4 9. Re1 Nc6 10. Bb2 Ng4 11. Ba3 f6 12. Bxe7 Qxe7 13. a3 a5 14. d3 e5 15.
Nbd2 Nh6 16. Qc2 Nf7 17. c5 Be6 18. Rab1 Na7 19. Nxd4 exd4 20. Bd5 Nb5 21. Rxe6
Qd7 22. Qc4 Nxa3 23. Qxd4 Nxb1 24. Nxb1 Kh8 25. Nc3 Rae8 26. Rb6 Ng5 27. Qh4
Re5 28. Rd6 Qf5 29. Be4 Rxe4 30. dxe4 Nf3+ 31. Kh1 Qxc5 32. Qf4 Qxf2  0-1

[Event "2. BUNDESLIGA MITTE 2017/2018"]
[Site "St. Valentin, Pinggau/Villach/Taufkirchen, Fuerstenfeld, St. Veit"]
[Date "2017.11.26"]
[Round "6"]
[Board "2"]
[White "Handler, Lukas"]
[Black "Dappiano, Andrea"]
[Result "0-1"]
[WhiteElo "2392"]
[BlackElo "2310"]
[PlyCount "136"]
[EventDate "2017.10.27"]
[EventType "team"]
[EventRounds "11"]
[EventCountry "AUT"]
[WhiteTeam "SC MPOE Maria Saal 2"]
[BlackTeam "ESV ASKOE Admira Villach"]

1. c4 e5 2. g3 Nc6 3. Bg2 g6 4. Nc3 Bg7 5. d3 d6 6. e4 f5 7. Nge2 Nf6 8. O-O
O-O 9. Nd5 Be6 10. Bg5 Qd7 11. Qd2 Nh5 12. Bh6 f4 13. Bxg7 Qxg7 14. f3 g5 15.
g4 Nf6 16. h3 Nd8 17. d4 c5 18. Nxf6+ Qxf6 19. d5 Bd7 20. Kf2 Qh6 21. Ke1 b5
22. cxb5 Bxb5 23. Rh1 Qh4+ 24. Kd1 Bxe2+ 25. Qxe2 Rb8 26. Kc2 Rf7 27. Qe1 Rfb7
28. Rb1 Nf7 29. Qxh4 gxh4 30. Rhd1 Rb4 31. Rd3 Ra4 32. Rb3 Rb6 33. a3 Ng5 34.
Rc3 a5 35. Rh1 Rd4 36. Bf1 Kf7 37. Rh2 Ke7 38. Rf2 Kd8 39. Kc1 Kc7 40. Kc2 Rb8
41. Rh2 Kd8 42. Rh1 a4 43. Rh2 Ke7 44. Rh1 Kf6 45. Rh2 Rh8 46. Kc1 h5 47. gxh5
Rxh5 48. Rh1 Rh7 49. Rg1 Rb7 50. Kc2 Rb3 51. Be2 Rb7 52. Bf1 Kg6 53. Rg4 Kh5
54. Rg1 Rb8 55. Rg4 Rb3 56. Bc4 Rxc4 57. Rxc4 Rxf3 58. Rxa4 Rxh3 59. Rg1 Rg3
60. Rf1 h3 61. Ra8 Nxe4 62. a4 Rg2+ 63. Kd3 Ng3 64. Rb1 h2 65. a5 e4+ 66. Kc3
Rg1 67. a6 Rxb1 68. a7 Ra1  0-1

[Event "2. BUNDESLIGA MITTE 2017/2018"]
[Site "St. Valentin, Pinggau/Villach/Taufkirchen, Fuerstenfeld, St. Veit"]
[Date "2017.11.26"]
[Round "6"]
[Board "3"]
[White "Reichmann, Egon"]
[Black "Halvax, Georg"]
[Result "0-1"]
[WhiteElo "2265"]
[BlackElo "2434"]
[PlyCount "54"]
[EventDate "2017.10.27"]
[EventType "team"]
[EventRounds "11"]
[EventCountry "AUT"]
[WhiteTeam "ESV ASKOE Admira Villach"]
[BlackTeam "SC MPOE Maria Saal 2"]

1. d4 Nf6 2. Nf3 b6 3. g3 Bb7 4. Bg2 g6 5. O-O Bg7 6. Re1 O-O 7. Nbd2 d5 8. Ne5
Nbd7 9. Nxd7 Qxd7 10. Nf3 Ne4 11. Bf4 c5 12. c3 Rac8 13. Ne5 Qf5 14. Bf3 h5 15.
e3 g5 16. g4 Qe6 17. Bxe4 dxe4 18. Bxg5 f6 19. Ng6 fxg5 20. Nxf8 Rxf8 21. Kh1
Rxf2 22. Re2 Rf3 23. Qg1 h4 24. a3 cxd4 25. cxd4 Bxd4 26. exd4 e3 27. Qg2 h3
 0-1

[Event "2. BUNDESLIGA MITTE 2017/2018"]
[Site "St. Valentin, Pinggau/Villach/Taufkirchen, Fuerstenfeld, St. Veit"]
[Date "2017.11.26"]
[Round "6"]
[Board "4"]
[White "Tomazini, Zan"]
[Black "Heindl, Matthias"]
[Result "1-0"]
[WhiteElo "2424"]
[BlackElo "2180"]
[PlyCount "77"]
[EventDate "2017.10.27"]
[EventType "team"]
[EventRounds "11"]
[EventCountry "AUT"]
[WhiteTeam "SC MPOE Maria Saal 2"]
[BlackTeam "ESV ASKOE Admira Villach"]

1. e4 c5 2. c3 Nf6 3. e5 Nd5 4. d4 cxd4 5. Nf3 Nc6 6. cxd4 d6 7. Bc4 Nb6 8. Bb3
g6 9. Ng5 d5 10. Nc3 f6 11. exf6 exf6 12. Nf3 Be6 13. O-O Qd7 14. Re1 O-O-O 15.
Na4 Nxa4 16. Bxa4 Bd6 17. Bd2 Kb8 18. b4 Qf7 19. Bxc6 bxc6 20. a4 Bd7 21. Qb3
Ka8 22. Rec1 g5 23. b5 g4 24. Ne1 Rb8 25. Bb4 Bxb4 26. Qxb4 h5 27. Qd6 Rhd8 28.
bxc6 Be6 29. Qc5 Qc7 30. Nd3 h4 31. Nb4 Rxb4 32. Qxb4 Rb8 33. Qc5 g3 34. fxg3
hxg3 35. Rab1 gxh2+ 36. Kh1 Bh3 37. Rxb8+ Kxb8 38. Qb4+ Ka8 39. Qb7+  1-0

[Event "2. BUNDESLIGA MITTE 2017/2018"]
[Site "St. Valentin, Pinggau/Villach/Taufkirchen, Fuerstenfeld, St. Veit"]
[Date "2017.11.26"]
[Round "6"]
[Board "5"]
[White "Frank, Paul"]
[Black "Rieger, Robert"]
[Result "0-1"]
[WhiteElo "2217"]
[BlackElo "2296"]
[PlyCount "94"]
[EventDate "2017.10.27"]
[EventType "team"]
[EventRounds "11"]
[EventCountry "AUT"]
[WhiteTeam "ESV ASKOE Admira Villach"]
[BlackTeam "SC MPOE Maria Saal 2"]

1. Nf3 Nf6 2. g3 b6 3. Bg2 Bb7 4. O-O e6 5. d4 Be7 6. c4 O-O 7. Nc3 Ne4 8. Bd2
d6 9. Rc1 Nd7 10. Be1 f5 11. d5 Nxc3 12. Rxc3 e5 13. Nd2 a5 14. f4 exf4 15.
gxf4 Bf6 16. Rc2 Nc5 17. Nf3 Qe7 18. Kh1 Rae8 19. Nd4 g6 20. Rf3 Bc8 21. b3 Qg7
22. Bf2 Bd7 23. Bg1 Re7 24. Rh3 Ne4 25. Rd3 Rfe8 26. Qf1 Nc5 27. Rd1 Qh6 28.
Rc3 Ne4 29. Rh3 Qg7 30. Rhd3 Nc5 31. Rh3 Qf7 32. Bf3 Ne4 33. Bg2 Qf8 34. Re3
Qg7 35. Rh3 Qf7 36. Re3 Nc5 37. Rg3 Bxd4 38. Bxd4 Rxe2 39. a3 a4 40. b4 Ne4 41.
Bxe4 R8xe4 42. Qf3 Qe7 43. Qh5 Re1+ 44. Rxe1 Rxe1+ 45. Kg2 Re4 46. Bc3 Rxc4 47.
h4 Rxc3  0-1

[Event "2. BUNDESLIGA MITTE 2017/2018"]
[Site "St. Valentin, Pinggau/Villach/Taufkirchen, Fuerstenfeld, St. Veit"]
[Date "2017.11.26"]
[Round "6"]
[Board "6"]
[White "Ertl, Johann"]
[Black "Hafner, Robert"]
[Result "1/2-1/2"]
[WhiteElo "2310"]
[BlackElo "2076"]
[PlyCount "123"]
[EventDate "2017.10.27"]
[EventType "team"]
[EventRounds "11"]
[EventCountry "AUT"]
[WhiteTeam "SC MPOE Maria Saal 2"]
[BlackTeam "ESV ASKOE Admira Villach"]

1. e4 c6 2. Nc3 d5 3. d4 dxe4 4. Nxe4 Bf5 5. Ng3 Bg6 6. Nh3 e6 7. Nf4 Bd6 8. c3
Nf6 9. h4 Bxf4 10. Bxf4 h6 11. h5 Bh7 12. Be2 O-O 13. Bf3 Nbd7 14. O-O Qb6 15.
Qb3 Rfe8 16. Rfe1 Rac8 17. Nf1 Nd5 18. Bg3 Qxb3 19. axb3 a6 20. Nd2 N7f6 21.
Nc4 Re7 22. b4 Rd8 23. Na5 Bf5 24. Bh4 Rc7 25. g4 Bh7 26. Kh2 Re8 27. Bg3 Rce7
28. Nb3 Rd8 29. Nc5 g5 30. hxg6 Bxg6 31. Bh4 Kg7 32. Kg3 Rde8 33. Ra4 Bc2 34.
Ra3 Bg6 35. Bg2 h5 36. c4 Nxb4 37. Rf3 Nxg4 38. Bxe7 Rxe7 39. Rb3 a5 40. Ne4 b6
41. c5 bxc5 42. dxc5 Nf6 43. Nxf6 Kxf6 44. Ra1 Rc7 45. Rxa5 Nd5 46. Rb8 Ke5 47.
Ra4 Bb1 48. Bf3 f5 49. Kh4 Rg7 50. Rd8 Be4 51. Bxe4 fxe4 52. Kxh5 Rf7 53. Kg4
Rxf2 54. Rc8 e3 55. Kg3 Nf4 56. Rxc6 Rg2+ 57. Kf3 e2 58. Re4+ Kd5 59. Rd6+ Kxc5
60. Rdd4 Rg1 61. Kxf4 e1=Q 62. Rxe1  1/2-1/2

[Event "2. BUNDESLIGA MITTE 2017/2018"]
[Site "St. Valentin, Pinggau/Villach/Taufkirchen, Fuerstenfeld, St. Veit"]
[Date "2017.11.26"]
[Round "6"]
[Board "1"]
[White "Freitag, Manfred"]
[Black "Pilaj, Herwig"]
[Result "1-0"]
[WhiteElo "2374"]
[BlackElo "2346"]
[PlyCount "73"]
[EventDate "2017.10.27"]
[EventType "team"]
[EventRounds "11"]
[EventCountry "AUT"]
[WhiteTeam "SPG Fuerstenfeld/Hartberg"]
[BlackTeam "SC DieKlagenfurter"]

1. e4 e6 2. d4 d5 3. Nc3 Nf6 4. e5 Nfd7 5. f4 c5 6. Nf3 Be7 7. Be3 b6 8. Qd2
Nc6 9. Bb5 Qc7 10. O-O a6 11. Bxc6 Qxc6 12. f5 h6 13. fxe6 fxe6 14. Ne2 Bb7 15.
Nf4 Nf8 16. c3 O-O-O 17. dxc5 bxc5 18. b4 g5 19. Nd3 g4 20. Nfe1 c4 21. Nc5 Ng6
22. Nc2 d4 23. Nxd4 Bxc5 24. bxc5 Qd5 25. Rab1 Nxe5 26. Rb6 Qxc5 27. Rfb1 Rd7
28. Qe2 Qd5 29. Bf4 Nd3 30. Bg3 e5 31. Nf5 Rf8 32. Nd6+ Rxd6 33. Qxg4+ Rd7 34.
Rxb7 Qc5+ 35. Kh1 Rfd8 36. Qe6 Qd5 37. Rb8+  1-0

[Event "2. BUNDESLIGA MITTE 2017/2018"]
[Site "St. Valentin, Pinggau/Villach/Taufkirchen, Fuerstenfeld, St. Veit"]
[Date "2017.11.26"]
[Round "6"]
[Board "2"]
[White "Wertjanz, David"]
[Black "Poetz, Florian"]
[Result "1/2-1/2"]
[WhiteElo "2338"]
[BlackElo "2385"]
[PlyCount "81"]
[EventDate "2017.10.27"]
[EventType "team"]
[EventRounds "11"]
[EventCountry "AUT"]
[WhiteTeam "SC DieKlagenfurter"]
[BlackTeam "SPG Fuerstenfeld/Hartberg"]

1. Nf3 d6 2. c4 g6 3. d4 Nf6 4. e3 Bg7 5. Be2 O-O 6. O-O a5 7. Nc3 Nbd7 8. b3
e5 9. Bb2 Re8 10. dxe5 dxe5 11. e4 Bf8 12. Qc2 c6 13. Rad1 Qc7 14. Na4 Nc5 15.
Nxc5 Bxc5 16. Bc1 Nh5 17. Ne1 Nf4 18. Bxf4 exf4 19. Nd3 Bf8 20. Bf3 g5 21. h3
f5 22. exf5 Bxf5 23. Bh5 Re7 24. c5 Bg7 25. Rfe1 Kh8 26. h4 gxh4 27. Qc4 h3 28.
Nxf4 hxg2 29. Rxe7 Qxe7 30. Qf7 Qg5 31. Re1 h6 32. Bg6 Bxg6 33. Nxg6+ Kh7 34.
Ne7 Qf6 35. Qc4 Rd8 36. Qd4 Kh8 37. Ng6+ Kg8 38. Ne7+ Kh8 39. Ng6+ Kg8 40. Ne7+
Kh8 41. Ng6+  1/2-1/2